Protimonopolná politika (legislatíva v SR a v štátoch EÚ) bakalárska práca

Uložené v:
Podrobná bibliografia
Hlavný autor: Kubis, Radovan
Korporativný autor: Fakulta podnikového manažmentu EU. Katedra podnikovohospodárska
Ďalší autori: Kubica, Milan, 1958-
Médium: Kniha
Jazyk:Slovak
Vydavateľské údaje: Bratislava 2009
Tagy: Pridať tag
Žiadne tagy, Buďte prvý, kto otaguje tento záznam!

MARC

LEADER 00000nam$a2200000$$$4500
001 0102014
005 20240319130305.9
041 0 |a slo 
044 |a SK 
245 1 0 |a Protimonopolná politika (legislatíva v SR a v štátoch EÚ)  |b bakalárska práca  |c Radovan Kubis ; škol. Milan Kubica 
264 1 |a Bratislava  |c 2009 
300 |a 38 s. 
100 1 |a Kubis, Radovan 
700 1 |a Kubica, Milan, 1958- 
710 2 |a Fakulta podnikového manažmentu EU. Katedra podnikovohospodárska